|
|
|
|
| LEADER |
01347nam a2200313 a 4500 |
| 001 |
26285 |
| 003 |
BD-DhAAL |
| 008 |
121203s2010 caua b 001 0 eng d |
| 999 |
|
|
|c 12979
|d 12979
|
| 010 |
|
|
|a 2008052065
|
| 020 |
|
|
|a 0321610229
|
| 020 |
|
|
|a 9780321610225
|
| 020 |
|
|
|a 9780321569769 (hard cover : alk. paper)
|
| 020 |
|
|
|a 0321569768 (hard cover : alk. paper)
|
| 040 |
|
|
|a DLC
|c DLC
|d BTCTA
|d YDXCP
|d C#P
|d BWX
|d CDX
|d DLC
|d BD-DhAAL
|
| 082 |
0 |
0 |
|a 572.8
|2 22
|
| 100 |
1 |
|
|a Russell, Peter J.
|9 44443
|
| 245 |
1 |
0 |
|a iGenetics :
|b a molecular approach /
|c Peter J. Russell.
|
| 250 |
|
|
|a 3rd ed.
|
| 260 |
|
|
|a San Francisco :
|b Benjamin Cummings,
|c c2010.
|
| 300 |
|
|
|a xix, 828 p. :
|b ill. (chiefly col.) ;
|c 29 cm.
|
| 504 |
|
|
|a Includes bibliographical references (p. 728-741) and index.
|
| 541 |
|
|
|e 00026285
|
| 650 |
|
0 |
|a Molecular genetics.
|9 44444
|
| 650 |
|
0 |
|a Pharmacy.
|9 44445
|
| 852 |
1 |
|
|a Ayesha Abed Library
|j General Stacks
|
| 942 |
|
|
|2 ddc
|c BK
|
| 952 |
|
|
|0 0
|1 4
|4 0
|6 572_000000000000000_RUS
|7 0
|9 21484
|a BRACUL
|b BRACUL
|c GEN
|d 2012-12-03
|e Trim Education
|g 5750.00
|l 11
|m 69
|o 572 RUS
|p 3010026285
|r 2018-09-24
|s 2018-05-14
|t 1
|w 2012-12-03
|y BK
|x Koha Inventory 2020
|
| 952 |
|
|
|0 0
|1 0
|4 0
|6 572_000000000000000_RUS
|7 0
|9 21485
|a BRACUL
|b BRACUL
|c GEN
|d 2012-12-03
|e Trim Education
|g 5750.00
|l 18
|m 145
|o 572 RUS
|p 3010026286
|r 2025-08-10
|s 2025-05-27
|t 2
|w 2012-12-03
|y BK
|